Speaking naturally = Nói một cách tự nhiên /

Enregistré dans:
Détails bibliographiques
Auteur principal: Nguyễn Văn Cao
Autres auteurs: Bruder, Newton, Mary
Format: Sách giấy
Langue:Vietnamese
Publié: TP.HCM : TP.HCM , 1994
Tags: Ajouter un tag
Pas de tags, Soyez le premier à ajouter un tag!
Thư viện lưu trữ: Thư viện Trường Đại học Đà Lạt
LEADER 00685nam a2200277 4500
001 DLU020011918
005 ##5/19/2000
020 # # |a 978- 
041 # # |a vie 
082 # # |a 428.3  |b TI-B 
090 # # |a 428.3  |b TI-B 
100 # # |a Nguyễn Văn Cao 
245 # # |a Speaking naturally =  |b Nói một cách tự nhiên /  |c Nguyễn Văn Cao, Tillitt Bruce, Newton Mary, Bruder  
260 # # |a TP.HCM :  |b TP.HCM ,  |c 1994 
300 # # |a 263 tr.;   |c 19 cm. 
700 # # |a Bruder, 
700 # # |a Newton, Mary 
992 # # |a 15600 
994 # # |a DLU 
900 # # |a False 
911 # # |a Administrator 
925 # # |a G 
926 # # |a A 
927 # # |a SH 
980 # # |a Thư viện Trường Đại học Đà Lạt